Cáncer de piel / (Registro nro. 346)
[ vista simple ]
| 000 -LEADER | |
|---|---|
| fixed length control field | 01281 am a2200337 a 4500 |
| 005 - FECHA ULTIMA MODIFICACION | |
| control field | 20240227133537.0 |
| 008 - CAMPO DE CONTROL (LIBRO) | |
| fixed length control field | 100604s1993||||ag a f |||| 001 0 spa d |
| 020 ## - INTERNATIONAL STANDARD BOOK NUMBER | |
| ISBN | 9500607719 |
| 041 ## - CODIGO DE IDIOMA | |
| Código de idioma del texto/pista de sonido o título separado | spa |
| 092 ## - SIGNATURA TOPOGRAFICA DEWEY LOCAL | |
| número de clasificación | 616.5 |
| libristica | 10 |
| sección | CAN |
| 245 ## - TITULO PROPIAMENTE DICHO | |
| Título | Cáncer de piel / |
| Mención de responsabilidad y remanente de la transcripción de la portada | Robert J. Friedman. |
| 250 ## - MENCION DE EDICION | |
| Mención de edición | 1a ed. |
| Mención de responsabilidad relacionada con la ed. | Traducción Nora Meeroff. |
| 260 ## - PIE DE IMPRENTA | |
| Lugar de publicación, distribución, etc | Buenos Aires: |
| Nombre de la editorial, distribuidor, etc | Editorial Médica Panamericana; |
| Fecha de publicación | 1993. |
| 300 ## - DESCRIPCION FISICA | |
| Extension | 623 p. |
| 500 ## - NOTA GENERAL | |
| Nota general | Friedman, R. J. et al. (1993). Cáncer de piel. (1a ed.). Buenos Aires : Editorial Médica Panamericana. |
| 653 ## - TÉRMINO INDIZADO - PALABRAS CLAVES | |
| Palabra clave | Principios generales de los cánceres de la piel |
| 653 ## - TÉRMINO INDIZADO - PALABRAS CLAVES | |
| Palabra clave | Neoplasias queratinocíticas |
| 653 ## - TÉRMINO INDIZADO - PALABRAS CLAVES | |
| Palabra clave | Neoplasias melanocíticas |
| 653 ## - TÉRMINO INDIZADO - PALABRAS CLAVES | |
| Palabra clave | Otros cánceres de piel |
| 653 ## - TÉRMINO INDIZADO - PALABRAS CLAVES | |
| Palabra clave | Procesos malignos linforreticulares con compromiso cutáneo |
| 653 ## - TÉRMINO INDIZADO - PALABRAS CLAVES | |
| Palabra clave | Otras manifestaciones cutáneas de procesos malignos |
| 653 ## - TÉRMINO INDIZADO - PALABRAS CLAVES | |
| Palabra clave | Simuladores clínicos e histológicos de cáncer de piel |
| 653 ## - TÉRMINO INDIZADO - PALABRAS CLAVES | |
| Palabra clave | Consideraciones terapéuticas en el tratamiento de pacientes con cáncer de piel |
| 700 1# - ENTRADAS SECUNDARIAS - NOMBRE PERSONAL | |
| Nombre personal | Friedman, Robert J. |
| 9 (RLIN) | 1249 |
| 700 1# - ENTRADAS SECUNDARIAS - NOMBRE PERSONAL | |
| Nombre personal | Rigel, Darrel S. |
| 9 (RLIN) | 1250 |
| 700 1# - ENTRADAS SECUNDARIAS - NOMBRE PERSONAL | |
| Nombre personal | Kopf, Alfred W. |
| 9 (RLIN) | 1251 |
| 700 1# - ENTRADAS SECUNDARIAS - NOMBRE PERSONAL | |
| Nombre personal | Harris, Mathew N. |
| 9 (RLIN) | 1252 |
| 700 1# - ENTRADAS SECUNDARIAS - NOMBRE PERSONAL | |
| Nombre personal | Baker, Daniel. |
| 9 (RLIN) | 1253 |
| 930 ## - NUMERO DE INVENTARIO | |
| Número de inventario | 1722 |
| 942 ## - ADDED ENTRY ELEMENTS (KOHA) | |
| Source of classification or shelving scheme | Dewey Decimal Classification |
| Item type | Libros |
| Estado de retiro | Existencia | Estado general | No para prestamo | Ubicación permanente | ubicación actual | Sala de ubicación | Fecha de adquisición | Total Checkouts | Número de clasificación | Código de barras | Date last seen | Número de ejemplar | Price effective from | Koha tipo de elemento (item) |
|---|---|---|---|---|---|---|---|---|---|---|---|---|---|---|
| Biblioteca Medicina | Biblioteca Medicina | Circulación | 13/05/2011 | 616.5 10 CAN | 1722 | 06/11/2014 | ej.1 | 13/05/2011 | Libros |